[Event "chess.com Speed 2021"]
[Site "chess.com INT"]
[Date "2021.11.10"]
[Round "1.25"]
[White "Rapport, Richard"]
[Black "Sarana, Alexey"]
[Result "1-0"]
[WhiteTitle "GM"]
[BlackTitle "GM"]
[WhiteElo "2763"]
[BlackElo "2656"]
[WhiteFideId "738590"]
[BlackFideId "24133795"]
[EventDate "2021.11.08"]
[EventType "k.o."]

1. e4 c5 2. Nc3 d6 3. g3 Nc6 4. Bg2 g6 5. d3 Bg7 6. Nge2 e6 7. O-O Nge7 8. Bg5
h6 9. Be3 O-O 10. Qd2 Kh7 11. d4 b6 12. Rad1 Ba6 13. Rfe1 Qc7 14. d5 exd5 15.
Nxd5 Nxd5 16. Qxd5 Rad8 17. c3 Ne5 18. Nf4 Bc4 19. Qd2 Bxa2 20. Qc2 Be6 21. Nxe6
fxe6 22. f4 Ng4 23. Bc1 c4 24. Bf3 Nf6 25. Kg2 e5 26. h4 h5 27. f5 gxf5 28. exf5
d5 29. Qe2 e4 30. Bxh5 Nxh5 31. Qxh5+ Kg8 32. Bg5 Rd7 33. Qg6 Rdf7 34. f6 Qc6
35. h5 Rxf6 36. Bxf6 Rxf6 37. Qg5 d4 38. Rxd4 e3+ 39. Qd5+ Qxd5+ 40. Rxd5 Rf2+
41. Kh3 Bh6 42. g4 Bf4 43. g5 e2 44. Kg4 Kf7 45. Rf5+ 1-0

[Event "chess.com Speed 2021"]
[Site "chess.com INT"]
[Date "2021.11.10"]
[Round "1.26"]
[White "Sarana, Alexey"]
[Black "Rapport, Richard"]
[Result "1/2-1/2"]
[WhiteTitle "GM"]
[BlackTitle "GM"]
[WhiteElo "2656"]
[BlackElo "2763"]
[WhiteFideId "24133795"]
[BlackFideId "738590"]
[EventDate "2021.11.08"]
[EventType "k.o."]

1. e4 e6 2. d4 d5 3. Nc3 Bb4 4. exd5 exd5 5. Bd3 c6 6. Ne2 Ne7 7. O-O O-O 8. Bf4
Ng6 9. Bg3 Nd7 10. a3 Ba5 11. b4 Bc7 12. Qd2 Nf6 13. Rae1 Re8 14. Na4 Ne4 15.
Bxe4 Rxe4 16. Nc5 Re7 17. Nf4 Bxf4 18. Bxf4 Rxe1 19. Rxe1 b6 20. Nd3 Be6 21. Ne5
Nxe5 22. Bxe5 f6 23. Bg3 Qd7 24. a4 Re8 25. a5 Bf5 26. axb6 Rxe1+ 27. Qxe1 axb6
28. c3 Qe6 29. Qxe6+ Bxe6 30. f3 Bf7 31. Kf2 1/2-1/2

[Event "chess.com Speed 2021"]
[Site "chess.com INT"]
[Date "2021.11.10"]
[Round "1.27"]
[White "Rapport, Richard"]
[Black "Sarana, Alexey"]
[Result "1/2-1/2"]
[WhiteTitle "GM"]
[BlackTitle "GM"]
[WhiteElo "2763"]
[BlackElo "2656"]
[WhiteFideId "738590"]
[BlackFideId "24133795"]
[EventDate "2021.11.08"]
[EventType "k.o."]

1. e4 d6 2. Nc3 Nf6 3. d4 e5 4. dxe5 dxe5 5. Qxd8+ Kxd8 6. Bc4 Bb4 7. Ne2 Ke7 8.
f3 c6 9. Bg5 Nd7 10. O-O-O h6 11. Bd2 Nb6 12. Bb3 a5 13. a3 Bc5 14. Kb1 Rd8 15.
Nc1 Be6 16. Bxe6 Kxe6 17. Nd3 Bd4 18. Ne2 Nc4 19. Nxd4+ Rxd4 20. Bc3 Rd6 21.
Nc5+ Ke7 22. Rxd6 Nxd6 23. Bxe5 b6 24. Nd3 Nc4 25. Bg3 Nd7 26. Bf2 Rb8 27. Rd1
g5 28. Ka2 f6 29. b3 Nce5 30. Nxe5 fxe5 31. a4 Nf6 32. Be3 Ke6 33. Kb2 c5 34.
Kc3 Ne8 35. h4 Nd6 36. hxg5 hxg5 37. Rh1 Nf7 38. g4 Rd8 39. Rh5 Kf6 40. Rh1 Kg6
41. Bc1 Rd4 42. Be3 Rd8 43. Bc1 Nd6 44. Rh2 Rf8 45. Rh3 Rf7 46. Kd3 Rf8 47. Ke2
Rd8 48. Be3 Nf7 49. Rh1 Kf6 50. Rd1 Rh8 51. Rd7 Rh2+ 52. Bf2 Rh6 53. Rb7 Kg7 54.
Bg3 Re6 55. Be1 Kf6 56. Bg3 Rc6 57. Be1 Nd6 58. Rd7 c4 59. b4 Ke6 60. Rg7 Kf6
61. Rd7 Ke6 62. Rg7 Kf6 63. Ra7 axb4 64. Bxb4 c3 65. Kd3 Nc4 66. Bxc3 Na3 67.
Ra6 Rd6+ 68. Ke2 Rc6 69. Bd2 Nxc2 70. Be3 Nd4+ 71. Bxd4 exd4 72. a5 Ke5 73. Rxb6
Rc2+ 74. Kd3 Rc3+ 75. Kd2 Rxf3 76. Rb5+ Kxe4 77. Rxg5 Rf2+ 78. Ke1 Ra2 79. Rb5
Ke3 80. Re5+ Kf4 81. Re8 Rxa5 82. Kd2 Ra3 83. g5 Kxg5 84. Rd8 d3 85. Rxd3 Rxd3+
86. Kxd3 1/2-1/2

[Event "chess.com Speed 2021"]
[Site "chess.com INT"]
[Date "2021.11.10"]
[Round "1.28"]
[White "Sarana, Alexey"]
[Black "Rapport, Richard"]
[Result "0-1"]
[WhiteTitle "GM"]
[BlackTitle "GM"]
[WhiteElo "2656"]
[BlackElo "2763"]
[WhiteFideId "24133795"]
[BlackFideId "738590"]
[EventDate "2021.11.08"]
[EventType "k.o."]

1. c4 g6 2. Nc3 Bg7 3. d4 d6 4. e4 Nf6 5. Be2 O-O 6. Be3 Na6 7. Nf3 e5 8. O-O c6
9. h3 exd4 10. Nxd4 Re8 11. Qc2 Nc5 12. Bf3 a5 13. Rad1 Qe7 14. Rfe1 h6 15. Bf4
Nfd7 16. b3 Ne5 17. Be2 Ne6 18. Nxe6 Bxe6 19. Be3 g5 20. Bh5 g4 21. hxg4 Bxg4
22. Bxg4 Nxg4 23. Bf4 Be5 24. Bxe5 Qxe5 25. g3 Qh5 26. f3 Ne5 27. Qe2 Qxf3 28.
Qe3 Re6 29. Re2 Rae8 30. Qxf3 Nxf3+ 31. Kf2 Ng5 32. Red2 Nxe4+ 33. Nxe4 Rxe4 34.
Rxd6 Re2+ 35. Kf3 Rxa2 36. Rxh6 Ra3 37. Rd3 a4 38. Rh2 Rb8 39. Re3 Rxb3 40. Rxb3
axb3 41. Rb2 b5 42. Rxb3 Kg7 43. Ke4 Kf6 44. Kd4 Kg5 45. Rf3 f5 46. Kc5 bxc4 47.
Kxc4 Rb5 48. Rf4 Rd5 49. Kc3 Re5 50. Kd3 Ra5 51. Rc4 c5 52. Ke3 Rb5 53. Rc1 Kg4
54. Kf2 Rb2+ 55. Kf1 Kxg3 56. Rxc5 f4 57. Rg5+ Kf3 58. Kg1 Rb1+ 59. Kh2 Rb3 60.
Rf5 Re3 61. Rf8 Re1 62. Rf7 Re3 63. Kg1 Kg3 64. Rg7+ Kf3 65. Rf7 Re4 66. Kf1 Rb4
67. Kg1 Rb1+ 68. Kh2 Rb4 69. Rf8 Ke2 70. Kg2 Re4 71. Rf7 Ke3 72. Kf1 Rb4 73.
Re7+ Kf3 74. Kg1 Rb2 75. Rf7 Rg2+ 76. Kf1 Rg5 77. Rf8 Rh5 78. Kg1 Re5 79. Kh2
Rg5 80. Kh1 Rg4 81. Kh2 Kf2 82. Ra8 Rh4# 0-1

[Event "chess.com Speed 2021"]
[Site "chess.com INT"]
[Date "2021.11.10"]
[Round "1.29"]
[White "Rapport, Richard"]
[Black "Sarana, Alexey"]
[Result "1-0"]
[WhiteTitle "GM"]
[BlackTitle "GM"]
[WhiteElo "2763"]
[BlackElo "2656"]
[WhiteFideId "738590"]
[BlackFideId "24133795"]
[EventDate "2021.11.08"]
[EventType "k.o."]

1. e4 c5 2. Nc3 d6 3. g3 Nc6 4. Bg2 g6 5. d3 Bg7 6. Nge2 h5 7. h3 e6 8. Be3 Nd4
9. Qd2 Ne7 10. O-O Nec6 11. f4 O-O 12. Bf2 f5 13. Rae1 Qf6 14. Kh1 Bd7 15. Ng1
h4 16. gxh4 Bh6 17. Bg3 Rae8 18. Qf2 Kh7 19. Nd1 e5 20. c3 fxe4 21. cxd4 exf4
22. Rxe4 Rxe4 23. Bxe4 Nxd4 24. h5 Bf5 25. hxg6+ Qxg6 26. Bxf5 Nxf5 27. Bh2 Ng3+
28. Bxg3 fxg3 29. Qg2 Rg8 30. Qxb7+ Rg7 31. Qg2 Qxd3 32. Nc3 a5 33. Rf3 Qg6 34.
Nge2 Qc2 35. Nxg3 Bd2 36. Nce4 Qb1+ 37. Rf1 Qd3 38. Rd1 1-0

[Event "chess.com Speed 2021"]
[Site "chess.com INT"]
[Date "2021.11.10"]
[Round "1.31"]
[White "Sarana, Alexey"]
[Black "Rapport, Richard"]
[Result "1-0"]
[WhiteTitle "GM"]
[BlackTitle "GM"]
[WhiteElo "2656"]
[BlackElo "2763"]
[WhiteFideId "24133795"]
[BlackFideId "738590"]
[EventDate "2021.11.08"]
[EventType "k.o."]

1. d4 Nf6 2. c4 g6 3. Nc3 Bg7 4. e4 O-O 5. Be2 d6 6. Be3 Na6 7. Nf3 e5 8. O-O c6
9. dxe5 dxe5 10. Qxd8 Rxd8 11. a3 Re8 12. h3 Nh5 13. Rfd1 Nc7 14. b4 Ne6 15. c5
Nhf4 16. Bc4 h6 17. h4 Nh5 18. g3 Nf6 19. Nh2 Nd4 20. Rac1 Be6 21. Bxe6 Rxe6 22.
f3 Nh5 23. Kf2 a5 24. b5 cxb5 25. Bxd4 exd4 26. Nxb5 Rc8 27. Nxd4 Ree8 28. Nb5
Re5 29. Rd5 a4 30. Ng4 Re6 31. Nd6 Rc7 32. Nb5 Rc8 33. Rc4 Ra6 34. Nd6 Rc7 35.
Ne8 Rc8 36. Nxg7 Kxg7 37. Rd7 Rac6 38. Ne5 R8c7 39. Rxc7 Rxc7 40. Nd3 Rd7 41.
Rc3 g5 42. hxg5 hxg5 43. g4 Nf4 44. Nxf4 gxf4 45. Ke2 Rd4 46. c6 bxc6 47. Rxc6
f6 48. Rc5 Kg6 49. Rf5 Rc4 50. Rxf4 Rc3 51. e5 fxe5 52. Rxa4 Rb3 53. Kf2 Kf6 54.
Kg3 Kg6 55. Ra6+ Kg7 56. Ra4 Kg6 57. Kf2 Kf6 58. Ra6+ Kf7 59. a4 Rb4 60. a5 e4
61. fxe4 Rxe4 62. Kg3 Re5 63. Kh4 Rb5 64. g5 Kg7 65. Kh5 Rb7 66. Rb6 Rc7 67. a6 1-0

[Event "chess.com Speed 2021"]
[Site "chess.com INT"]
[Date "2021.11.10"]
[Round "1.32"]
[White "Rapport, Richard"]
[Black "Sarana, Alexey"]
[Result "1-0"]
[WhiteTitle "GM"]
[BlackTitle "GM"]
[WhiteElo "2763"]
[BlackElo "2656"]
[WhiteFideId "738590"]
[BlackFideId "24133795"]
[EventDate "2021.11.08"]
[EventType "k.o."]

1. e4 c5 2. Nc3 d6 3. Nf3 a6 4. g3 b5 5. Bg2 Bb7 6. d3 Nf6 7. O-O e6 8. Ng5 h6
9. Nh3 Nbd7 10. f4 Be7 11. Nf2 Qb6 12. a4 c4 13. Qe2 cxd3 14. cxd3 bxa4 15. Be3
Qc7 16. Rfc1 Qb8 17. Rxa4 a5 18. d4 O-O 19. h4 Nb6 20. Raa1 a4 21. g4 Nfd7 22.
g5 hxg5 23. hxg5 Ra5 24. Qh5 Rc8 25. e5 dxe5 26. dxe5 Nc4 27. Bd4 Nd2 28. Rd1
Nb3 29. Bh3 Nf8 30. Nce4 Nxa1 31. Nf6+ Bxf6 32. gxf6 gxf6 33. Ng4 Nh7 34. Nh6+
Kg7 35. exf6+ Nxf6 36. Bxf6+ Kh7 37. Qxf7+ Kxh6 38. Qg7+ Kh5 39. Qh7# 1-0

[Event "chess.com Speed 2021"]
[Site "chess.com INT"]
[Date "2021.11.10"]
[Round "1.33"]
[White "Sarana, Alexey"]
[Black "Rapport, Richard"]
[Result "1-0"]
[WhiteTitle "GM"]
[BlackTitle "GM"]
[WhiteElo "2656"]
[BlackElo "2763"]
[WhiteFideId "24133795"]
[BlackFideId "738590"]
[EventDate "2021.11.08"]
[EventType "k.o."]

1. e4 d5 2. exd5 Qxd5 3. Nc3 Qa5 4. d4 Nf6 5. Bc4 Bg4 6. f3 Bd7 7. Ne2 e6 8. O-O
Be7 9. Bd2 Qb6 10. Rb1 O-O 11. Be3 Nc6 12. Bf2 Na5 13. Bd3 c5 14. Kh1 cxd4 15.
Bxd4 Qc7 16. Bg1 Rfd8 17. Qe1 Nc4 18. b3 Ne5 19. Qg3 Bd6 20. f4 Nxd3 21. cxd3
Qa5 22. Bd4 Be7 23. Be5 Bc6 24. b4 Qb6 25. a4 a6 26. a5 Qa7 27. f5 exf5 28. Rxf5
Ne8 29. Nf4 f6 30. Ne6 Bd7 31. Nxg7 Nxg7 32. Rxf6 Rf8 33. Rf3 Rf7 34. Rxf7 Kxf7
35. Qxg7+ Ke6 36. Bg3 Bc6 37. Re1+ 1-0

[Event "chess.com Speed 2021"]
[Site "chess.com INT"]
[Date "2021.11.10"]
[Round "1.34"]
[White "Rapport, Richard"]
[Black "Sarana, Alexey"]
[Result "1/2-1/2"]
[WhiteTitle "GM"]
[BlackTitle "GM"]
[WhiteElo "2763"]
[BlackElo "2656"]
[WhiteFideId "738590"]
[BlackFideId "24133795"]
[EventDate "2021.11.08"]
[EventType "k.o."]

1. e4 d6 2. Nc3 Nf6 3. d4 e5 4. Nf3 Nbd7 5. Bc4 Be7 6. O-O O-O 7. a4 c6 8. Re1
a5 9. h3 Nb6 10. Ba2 Nfd7 11. Be3 exd4 12. Bxd4 Nc5 13. Qd2 Ncxa4 14. Nxa4 Nxa4
15. Bxg7 Kxg7 16. Qd4+ Bf6 17. e5 dxe5 18. Qxa4 Re8 19. Rad1 Qc7 20. Qe4 Be6 21.
Bb1 Rh8 22. c3 Rag8 23. Nh4 Bd5 24. Rxd5 cxd5 25. Nf5+ Kf8 26. Qxd5 Qc6 27. Qxc6
bxc6 28. Be4 Rg5 29. h4 Rxf5 30. Bxf5 Kg7 31. g3 Rb8 32. Ra1 Bd8 33. Ra2 c5 34.
Kg2 h6 35. Kf3 Kf6 36. Bd3 Ke6 37. Bc4+ Ke7 38. Ke4 Bc7 39. b3 Rd8 40. Re2 Rd1
41. f4 exf4 42. Kf5+ Kf8 43. gxf4 Rf1 44. Re4 Rf3 45. Bb5 Rxc3 46. Re8+ Kg7 47.
Re7 Bd8 48. Rd7 Bxh4 49. Bc4 Kf8 50. Rxf7+ Ke8 51. Ra7 Bf2 52. Rxa5 Bd4 53. Ra7
Rf3 54. Ke4 Re3+ 55. Kd5 Re7 56. Ra8+ Kd7 57. Bb5+ Kc7 58. Ra7+ Kd8 59. Ra8+ Kc7
60. Ra7+ Kd8 61. Ra6 Rf7 62. Ke4 Rf6 63. Ra8+ Ke7 64. Ra7+ Kf8 65. Bc4 Rg6 66.
Rh7 Rf6 67. Rh8+ Kg7 68. Ra8 h5 69. Rg8+ Kh7 70. Rg5 Kh6 71. Be2 Re6+ 72. Kd3
Re3+ 73. Kd2 h4 74. Rh5+ Kg6 75. Rxh4 Rxb3 76. Bd3+ Kg7 77. Rh7+ Kf6 78. Rh6+
Kg7 79. Rh7+ Kf6 80. Rf7+ Kxf7 81. Bc4+ Kf6 82. Bxb3 Kf5 83. Kd3 Kxf4 84. Bc4
Ke5 85. Bb3 Kd6 86. Bc4 Ke5 1/2-1/2

[Event "chess.com Speed 2021"]
[Site "chess.com INT"]
[Date "2021.11.10"]
[Round "1.35"]
[White "Sarana, Alexey"]
[Black "Rapport, Richard"]
[Result "1-0"]
[WhiteTitle "GM"]
[BlackTitle "GM"]
[WhiteElo "2656"]
[BlackElo "2763"]
[WhiteFideId "24133795"]
[BlackFideId "738590"]
[EventDate "2021.11.08"]
[EventType "k.o."]

1. d4 Nf6 2. c4 c6 3. Nf3 d5 4. Nc3 a6 5. g3 dxc4 6. Bg2 b5 7. Ne5 e6 8. O-O Bb7
9. b3 b4 10. bxc4 bxc3 11. Rb1 Ra7 12. d5 exd5 13. Be3 c5 14. Qa4+ Qd7 15. Nxd7 1-0

[Event "chess.com Speed 2021"]
[Site "chess.com INT"]
[Date "2021.11.10"]
[Round "1.36"]
[White "Rapport, Richard"]
[Black "Sarana, Alexey"]
[Result "1/2-1/2"]
[WhiteTitle "GM"]
[BlackTitle "GM"]
[WhiteElo "2763"]
[BlackElo "2656"]
[WhiteFideId "738590"]
[BlackFideId "24133795"]
[EventDate "2021.11.08"]
[EventType "k.o."]

1. e3 d5 2. c4 Nf6 3. cxd5 Nxd5 4. Nc3 Nxc3 5. bxc3 g6 6. h4 h5 7. Nf3 Bg7 8. d4
O-O 9. Bd3 Nd7 10. O-O Nf6 11. Ng5 c5 12. Qb3 Qc7 13. Ba3 Ng4 14. Nf3 Be6 15.
Bc4 Bxc4 16. Qxc4 b6 17. dxc5 Rac8 18. Rad1 bxc5 19. Rd5 Qb8 20. Rxc5 Bf6 21.
Qb4 Rxc5 22. Qxb8 Rxb8 23. Bxc5 Bxc3 24. Bxa7 Ra8 25. Bc5 Rxa2 26. Bxe7 f6 27.
Bd6 Kf7 28. Bg3 Rc2 29. Rd1 Ke6 30. Kf1 Ke7 31. Ng1 Be5 32. Bxe5 Rxf2+ 33. Ke1
fxe5 34. Rd2 Rf8 35. Nf3 e4 36. Ng5 Nxe3 37. Nxe4 Rf4 38. Ng5 Nf5 39. Nf3 Nxh4
40. Nxh4 Rxh4 41. Kf2 Kf6 42. Kg1 Re4 43. Ra2 Kf5 44. Ra6 g5 45. Ra3 Kf4 46. Kh2
Kg4 47. Rg3+ Kf5 48. Ra3 h4 49. Ra5+ Kg4 50. Ra3 Re5 51. Ra4+ Kh5 52. Ra8 Rb5
53. Rh8+ Kg4 54. Rg8 Ra5 55. Rc8 Ra4 56. Rb8 Kf4 57. Rf8+ Ke3 58. Re8+ Re4 59.
Rh8 Kf2 60. Rf8+ Rf4 61. Ra8 g4 62. Ra2+ Ke3 63. Ra3+ Ke4 64. g3 Rf2+ 65. Kg1
hxg3 66. Rxg3 Rf4 67. Kg2 Kf5 68. Re3 Re4 69. Rxe4 Kxe4 70. Kg3 Kf5 71. Kg2 Kf4
72. Kf2 g3+ 73. Kg2 Kg4 74. Kg1 Kf3 75. Kf1 g2+ 76. Kg1 Kg3 1/2-1/2

[Event "chess.com Speed 2021"]
[Site "chess.com INT"]
[Date "2021.11.10"]
[Round "1.37"]
[White "Sarana, Alexey"]
[Black "Rapport, Richard"]
[Result "1/2-1/2"]
[WhiteTitle "GM"]
[BlackTitle "GM"]
[WhiteElo "2656"]
[BlackElo "2763"]
[WhiteFideId "24133795"]
[BlackFideId "738590"]
[EventDate "2021.11.08"]
[EventType "k.o."]

1. d4 Nf6 2. c4 g6 3. Nc3 Bg7 4. e4 O-O 5. Be2 d6 6. Be3 Na6 7. Nf3 e5 8. dxe5
dxe5 9. h3 Qe7 10. a3 c6 11. b4 Rd8 12. Qc2 Nh5 13. g3 Nc7 14. Rd1 Ne6 15. Rxd8+
Qxd8 16. Qd1 Qe7 17. O-O a5 18. c5 axb4 19. axb4 Bd7 20. Qd6 Qxd6 21. cxd6 Bf8
22. Rd1 f6 23. Bc4 Kf7 24. b5 Ke8 25. bxc6 bxc6 26. Ne1 Nhg7 27. Nc2 Nd8 28. Nb4
Nb7 29. Na6 Bxd6 30. Be2 Ke7 31. h4 Nd8 32. Nc5 Bc8 33. N3a4 Rb8 34. Nd3 Nge6
35. Nac5 Nxc5 36. Nxc5 Nf7 37. Ra1 Bc7 38. Ra7 Kd8 39. Bc4 Nd6 40. Ne6+ Bxe6 41.
Bxe6 Nb5 42. Ra6 Nd4 43. Bg8 h5 44. Bf7 g5 45. hxg5 fxg5 46. Bxh5 Kd7 47. Bf7
Kd6 48. Kg2 Bb6 49. Bc4 Kc5 50. Bf1 g4 51. Ra1 Kd6 52. Rc1 Bc5 53. Bc4 Bb6 54.
Bf7 Nf3 55. Bh5 Bxe3 56. fxe3 Rb2+ 57. Kf1 Nh2+ 58. Kg1 Nf3+ 59. Kf1 c5 60. Ra1
Nd2+ 61. Ke1 Nxe4 62. Bxg4 Nxg3 63. Ra6+ Kc7 64. Bf3 e4 65. Bg4 c4 66. Ra4 Rc2
67. Bd1 Rc3 68. Kf2 Nf5 69. Be2 Nxe3 70. Ke1 Kb6 71. Kd2 Kb5 72. Kxc3 Kxa4 73.
Bxc4 Nxc4 74. Kxc4 e3 75. Kd3 e2 76. Kxe2 1/2-1/2

[Event "chess.com Speed 2021"]
[Site "chess.com INT"]
[Date "2021.11.10"]
[Round "1.38"]
[White "Rapport, Richard"]
[Black "Sarana, Alexey"]
[Result "1/2-1/2"]
[WhiteTitle "GM"]
[BlackTitle "GM"]
[WhiteElo "2763"]
[BlackElo "2656"]
[WhiteFideId "738590"]
[BlackFideId "24133795"]
[EventDate "2021.11.08"]
[EventType "k.o."]

1. e4 d6 2. Nc3 Nf6 3. d4 e5 4. Nf3 Nbd7 5. g4 g6 6. g5 Nh5 7. Be3 Bg7 8. Bc4 c6
9. Qd2 b5 10. Bb3 a5 11. a3 a4 12. Ba2 O-O 13. O-O-O Qc7 14. h4 Rb8 15. dxe5
Nxe5 16. Nxe5 dxe5 17. Bc5 Bg4 18. Bd6 Qb7 19. Rdg1 Rfd8 20. Rxg4 Bf8 21. Bxb8
Rxd2 22. Kxd2 Qxb8 23. Kc1 Bc5 24. Rd1 Bxf2 25. Rd7 Nf4 26. Rxf7 Kh8 27. Nd1 Bc5
28. Rd7 Qc8 29. Rd2 h6 30. Rg3 Kg7 31. gxh6+ Kxh6 32. Ne3 Bxe3 33. Rxe3 Qg4 34.
Re1 Qg3 35. Rdd1 Qf2 36. Kb1 Ne2 37. Rf1 Qe3 38. Rde1 Qd2 39. Rd1 Qe3 40. Rde1
Qh3 41. Rh1 Qg2 42. c3 Nf4 43. Rhg1 Qf3 44. Ka1 c5 45. Ref1 Qe2 46. Re1 Qd3 47.
Rd1 Qxe4 48. Rde1 Qf5 49. Bb1 Qe6 50. Re4 b4 51. cxb4 cxb4 52. Rxb4 Qc6 53. Re1
Qc5 54. Rbe4 Qf2 55. Rxe5 Qxh4 56. R5e4 Qf2 57. Rh1+ Kg7 58. Rxa4 Nd5 59. Rd1
Ne3 60. Rdd4 Qf1 61. Ka2 Qf7+ 62. Ka1 Qf1 63. Rf4 Qc1 64. Rae4 Nd1 65. Re7+ Kh6
66. Rb4 Qc6 67. Re2 Qh1 68. Rg4 g5 69. Re5 Nc3 70. bxc3 Qc1 71. Rgxg5 Qxa3+ 72.
Ba2 Qc1+ 73. Bb1 Qa3+ 74. Ba2 Qc1+ 75. Bb1 Qa3+ 1/2-1/2

[Event "chess.com Speed 2021"]
[Site "chess.com INT"]
[Date "2021.11.10"]
[Round "1.41"]
[White "Sarana, Alexey"]
[Black "Rapport, Richard"]
[Result "1-0"]
[WhiteTitle "GM"]
[BlackTitle "GM"]
[WhiteElo "2656"]
[BlackElo "2763"]
[WhiteFideId "24133795"]
[BlackFideId "738590"]
[EventDate "2021.11.08"]
[EventType "k.o."]

1. d4 Nf6 2. Nc3 g6 3. e4 d5 4. exd5 Nxd5 5. Nxd5 Qxd5 6. c4 Qd6 7. Nf3 Bg7 8.
Be2 O-O 9. O-O Bg4 10. Be3 Nc6 11. d5 Bxf3 12. Bxf3 Ne5 13. Be2 Nd7 14. Qb3 b6
15. Rad1 a5 16. Qc2 Nc5 17. b3 Rad8 18. Rfe1 Be5 19. g3 Qf6 20. Kg2 Rfe8 21. Bf3
Qg7 22. h4 h5 23. Bxc5 bxc5 24. Re2 Bf6 25. Rde1 Rd6 26. Re4 Rb8 27. g4 hxg4 28.
Rxg4 Qh6 29. Rh1 a4 30. h5 axb3 31. axb3 g5 32. Be4 Ra6 33. Rg3 Rba8 34. d6 cxd6
35. Bxa8 Rxa8 36. Qf5 Ra2 37. Rg4 Kg7 38. Kg3 Kf8 39. Rh3 Be5+ 40. Kg2 Bf6 41.
Qb1 Rb2 42. Qc1 Bd4 43. Rxd4 Rxf2+ 44. Kxf2 Qf6+ 45. Rf3 Qxd4+ 46. Qe3 Qh4+ 47.
Kg2 Qxh5 48. Rh3 Qg4+ 49. Rg3 Qd1 50. Rxg5 Qc2+ 51. Kh3 Qh7+ 52. Kg3 f6 53. Rg4
Ke8 54. Re4 Kd7 55. Kf2 Qf5+ 56. Rf4 Qh7 57. Qf3 Qc2+ 58. Kg3 Kd8 59. Rg4 Qc1
60. Qa8+ Kd7 61. Qb7+ Ke6 62. Re4+ Kf5 63. Qd5+ e5 64. Re2 Qg5+ 65. Kf2 Qh4+ 66.
Kf1 Qh3+ 67. Ke1 Qc3+ 68. Kf2 Qxb3 69. Qf3+ Qxf3+ 70. Kxf3 Ke6 71. Rh2 f5 72.
Rh6+ Ke7 73. Ke3 Kd7 74. Rf6 f4+ 75. Ke4 Kc6 76. Rh6 Kc7 77. Kd5 Kb6 78. Rxd6+
Ka5 79. Kxe5 Kb4 80. Kd5 1-0

[Event "chess.com Speed 2021"]
[Site "chess.com INT"]
[Date "2021.11.10"]
[Round "1.42"]
[White "Rapport, Richard"]
[Black "Sarana, Alexey"]
[Result "1-0"]
[WhiteTitle "GM"]
[BlackTitle "GM"]
[WhiteElo "2763"]
[BlackElo "2656"]
[WhiteFideId "738590"]
[BlackFideId "24133795"]
[EventDate "2021.11.08"]
[EventType "k.o."]

1. e4 c5 2. Nf3 d6 3. Bb5+ Nd7 4. O-O Nf6 5. Re1 e6 6. c3 a6 7. Bf1 b5 8. d4 Bb7
9. Nbd2 Be7 10. Bd3 Qc7 11. Nf1 O-O 12. Ng3 Rfd8 13. Qe2 Nf8 14. h3 Rac8 15. Be3
Qa5 16. a3 cxd4 17. cxd4 b4 18. Bd2 d5 19. e5 Ne4 20. axb4 Qb6 21. Nxe4 dxe4 22.
Bxe4 Bxe4 23. Qxe4 Bxb4 24. Bxb4 Qxb4 25. Rxa6 Qxb2 26. Ra7 Rd7 27. Rxd7 Nxd7
28. d5 exd5 29. Qf5 Qb7 30. e6 Nf6 31. exf7+ Kf8 32. Ng5 Ra8 33. Qe6 h6 34. Qd6+ 1-0

[Event "chess.com Speed 2021"]
[Site "chess.com INT"]
[Date "2021.11.10"]
[Round "1.43"]
[White "Sarana, Alexey"]
[Black "Rapport, Richard"]
[Result "0-1"]
[WhiteTitle "GM"]
[BlackTitle "GM"]
[WhiteElo "2656"]
[BlackElo "2763"]
[WhiteFideId "24133795"]
[BlackFideId "738590"]
[EventDate "2021.11.08"]
[EventType "k.o."]

1. d4 e6 2. e4 d5 3. Nd2 dxe4 4. Nxe4 Bd7 5. Nf3 Bc6 6. Bd3 Nd7 7. O-O Ngf6 8.
Ng3 g6 9. b3 Bg7 10. Ba3 Bf8 11. Bb2 Bg7 12. Ba3 Bf8 13. Bb2 Bg7 14. c4 O-O 15.
Qe2 Bxf3 16. Qxf3 c6 17. Rad1 a5 18. a3 Re8 19. Bc2 Qc7 20. Rfe1 Rad8 21. h4 h5
22. Nf1 Ng4 23. g3 c5 24. Ne3 Nxe3 25. fxe3 Nf6 26. Rf1 Ng4 27. Bc3 b6 28. Kg2
Re7 29. Rd2 Red7 30. Rfd1 Bh6 31. Re2 Nxe3+ 32. Rxe3 cxd4 33. Rxe6 fxe6 34. Bb2
Rf7 35. Qe4 Qb7 36. Qxb7 Rxb7 37. Bxg6 Bg7 38. Bxh5 d3 39. Bf3 Rbd7 40. Bxg7
Kxg7 41. Kf2 d2 42. Be4 Kf6 43. Ke3 Ke5 44. g4 Rd4 45. Bf3 Rd3+ 46. Ke2 Kf4 47.
Bd5 Re3+ 48. Kxd2 exd5 49. Kc2 d4 50. g5 d3+ 51. Kc3 d2+ 52. Kc2 Re2 53. g6 Ke3
54. g7 Rg2 55. h5 Rxg7 0-1

[Event "chess.com Speed 2021"]
[Site "chess.com INT"]
[Date "2021.11.10"]
[Round "1.44"]
[White "Rapport, Richard"]
[Black "Sarana, Alexey"]
[Result "1-0"]
[WhiteTitle "GM"]
[BlackTitle "GM"]
[WhiteElo "2763"]
[BlackElo "2656"]
[WhiteFideId "738590"]
[BlackFideId "24133795"]
[EventDate "2021.11.08"]
[EventType "k.o."]

1. e4 b6 2. Nc3 Bb7 3. Nf3 e6 4. d4 Nf6 5. Bd3 c5 6. d5 exd5 7. exd5 Nxd5 8.
Nxd5 Bxd5 9. O-O Be7 10. Re1 Nc6 11. Ng5 h6 12. Qh5 Nd4 13. c3 Nc6 14. Bf4 O-O
15. Nh7 Be6 16. Bxh6 g6 17. Bxg6 Re8 18. Rxe6 1-0

[Event "chess.com Speed 2021"]
[Site "chess.com INT"]
[Date "2021.11.11"]
[Round "1.11"]
[White "Grischuk, Alexander"]
[Black "Nihal, Sarin"]
[Result "1-0"]
[WhiteTitle "GM"]
[BlackTitle "GM"]
[WhiteElo "2773"]
[BlackElo "2650"]
[WhiteFideId "4126025"]
[BlackFideId "25092340"]
[EventDate "2021.11.08"]
[EventType "k.o."]

1. e4 e5 2. Nf3 Nc6 3. Bb5 a6 4. Ba4 Bc5 5. c3 Nge7 6. O-O Ng6 7. d4 Ba7 8. Bg5
f6 9. Be3 O-O 10. Nbd2 d6 11. Re1 Kh8 12. h3 Bd7 13. Rc1 Qe8 14. Bc2 f5 15. exf5
Bxf5 16. Bxf5 Rxf5 17. Ne4 exd4 18. Bxd4 Nxd4 19. cxd4 Qd7 20. Neg5 Bb6 21. Re3
Nf4 22. Qc2 Raf8 23. Rce1 h6 24. Re7 Qb5 25. Ne6 Nxe6 26. R1xe6 Kg8 27. Qe4 Qd5
28. Qg4 R5f7 29. Rxf7 Rxf7 30. Rxh6 Qxa2 31. Re6 Qxb2 32. Re8+ Rf8 33. Qe6+ 1-0

[Event "chess.com Speed 2021"]
[Site "chess.com INT"]
[Date "2021.11.11"]
[Round "1.12"]
[White "Nihal, Sarin"]
[Black "Grischuk, Alexander"]
[Result "1-0"]
[WhiteTitle "GM"]
[BlackTitle "GM"]
[WhiteElo "2650"]
[BlackElo "2773"]
[WhiteFideId "25092340"]
[BlackFideId "4126025"]
[EventDate "2021.11.08"]
[EventType "k.o."]

1. e4 e5 2. Nf3 Nc6 3. Bb5 Nf6 4. d3 Bc5 5. Bxc6 dxc6 6. O-O Bg4 7. Be3 Nd7 8.
Nbd2 Qe7 9. Nc4 O-O-O 10. Bxc5 Qxc5 11. Ne3 Bxf3 12. Qxf3 f6 13. Rfd1 Kb8 14. g3
h5 15. h4 Nf8 16. c3 Ne6 17. Rd2 Qf8 18. Rad1 Qf7 19. d4 exd4 20. cxd4 Rhe8 21.
b4 Nf8 22. d5 cxd5 23. Nxd5 Rc8 24. a4 Nd7 25. Kg2 Ne5 26. Qf4 Ng6 27. Qf5 Ne5
28. b5 Nc4 29. Rd4 Ne5 30. a5 Qg6 31. Nf4 Qf7 32. Qxh5 g6 33. Qe2 g5 34. hxg5
fxg5 35. Nd3 g4 36. Nxe5 Rxe5 37. Rd8 Re8 38. Rxc8+ Rxc8 39. Rd5 Qe6 40. Rf5 Qg6
41. Rf4 Qh5 42. Rxg4 b6 43. a6 Qc5 44. e5 Qc1 45. Qe4 Rd8 46. Qb7# 1-0